A Visit to the Movie Doctor Quiz Stats

Quiz Updated Mar 22, 2012

Challenge
Share
Tweet
Embed
Score 0/20 Timer 06:00
5 Plays Today
Notes Movie % Correct
Patient suffering from Pixie dust withdrawal, Neverland overexposure. Referring to 12 step program.Peter Pan
89.5%
Patient's mother reports projectile vomiting. Presence of fully rotating head rules out Norovirus. Referring to Catholic priest.The Exorcist
86.4%
Patient is not ill but rather faking symptoms to skip school, join parade, go to Cubs game. Will not provide doctor's excuse.Ferris Bueller's Day Off
86%
Patient witnessed father's death (stampede of wildebeest) and now believes that father speaks to him from the clouds. Treating for PTSD.The Lion King
85.7%
Patient is difficult to awaken after eating certain fruit (particularly red delicious). Suggesting sleep study.Snow White and the Seven Dwarfs
83.8%
Patient is swollen and blue. Suggesting a trip to the juicing room.Charlie and the Chocolate Factory
80%
Patient reports being 'slimed' by a 'class five rotating vapor.' All vitals and bloodwork normal. Suggesting a shower.Ghostbusters
75.9%
Elderly male patient reports bad back from 'pulling floating house by garden hose' (??). Seeing chiropractor.Up
74.1%
Patient suffers from severe reptile phobia (exacerbated by incidents on a bi-plane and in an Egyptian tomb). Suggesting exposure therapy.Raiders of the Lost Ark
73.7%
Patient reports bite from household pet which becomes agressive if wet or fed after midnight. Suggesting pet be tested for rabies.Gremlins
70.8%
Notes Movie % Correct
Patient's heart has grown three sizes in short time. Prescribing diuretic and monitor.How the Grinch Stole Christmas
67.6%
Patient broke leg in confrontation with Cretaceous predator. Set leg and advising against travel to tropical islands.Jurassic Park
66.3%
Patient reports weakness, inability to fly when exposed to alien substance. Ordering full allergy panel, advising avoidance of substance when flying.Superman
65.4%
Patients, a brother and sister, are disturbed by supernatural 'force' and foreboding sense of 'I've got a bad feeling about this.' Prescribing anti-anxiety meds.Star Wars
54.8%
Patient was swallowed by interstellar cockroach. Ordering blood panels for dysentery and typhoid.Men In Black
53.6%
Multiple ill patients. All ate the fish. Air sickness also possible. Keep hydrated.Airplane!
50.8%
Patient claims to have been changed from human to amphibian. Referring to Mama Odie.The Princess and the Frog
48.4%
Patient was mostly dead all morning. Should follow up with Miracle Max.The Princess Bride
38.3%
Patient's wife reports patient is playing with food. Suggesting low starch (no mashed spuds!) diet.Close Encounters of the Third Kind
24.5%
Though not sure what, Patient believes that somewhere in her youth or childhood, she must have done something good. Referring to memory clinic.The Sound of Music
22.3%

You're not logged in!

Compare scores with friends on all Sporcle quizzes.
Join for Free
OR
Log In

You Might Also Like...

Show Comments

Extras

Top Quizzes Today


Score Distribution

Your Account Isn't Verified!

In order to create a playlist on Sporcle, you need to verify the email address you used during registration. Go to your Sporcle Settings to finish the process.

Report this User

Report this user for behavior that violates our Community Guidelines.

Details: